Normal view MARC view

Entry Topical Term

Number of records used in: 1

001 - CONTROL NUMBER

  • control field: 29321

003 - CONTROL NUMBER IDENTIFIER

  • control field: OSt

005 - DATE AND TIME OF LATEST TRANSACTION

  • control field: 20220127145941.0

008 - FIXED-LENGTH DATA ELEMENTS

  • fixed length control field: 220127|| aca||aabn | a|a d

040 ## - CATALOGING SOURCE

  • Original cataloging agency: OSt
  • Transcribing agency: OSt

150 ## - HEADING--TOPICAL TERM

  • Topical term or geographic name entry element: Action learning, Experiential learning, Management education, Business school

670 ## - SOURCE DATA FOUND

  • Source citation: Work cat.: (OSt): Perusso, A. Sijde, P.V.D. Leal, R. and Blankesteijn, M. 29320, The effectiveness and impact of action learning on business graduates’ professional practice

Powered by Koha